书目信息 |
| 题名: |
中国新闻学基础理论研究
|
|
| 作者: | 杨保军 著 | |
| 分册: | ||
| 出版信息: | 北京 中国人民大学出版社 2025.04 |
|
| 页数: | 301页 | |
| 开本: | 24cm | |
| 丛书名: | 中国自主知识体系研究文库 | |
| 单 册: | ||
| 中图分类: | G210 | |
| 科图分类: | ||
| 主题词: | 新闻学--研究--中国 | |
| 电子资源: | ||
| ISBN: | 978-7-300-33857-6 | |
| 000 | 00964oam2 2200253 450 | |
| 001 | 013206993 | |
| 005 | 20251023093209.19 | |
| 010 | @a978-7-300-33857-6@b精装@dCNY118.00 | |
| 100 | @a20250524d2025 em y0chiy0120 ea | |
| 101 | 0 | @achi |
| 102 | @aCN@b110000 | |
| 105 | @ay z 000yy | |
| 106 | @ar | |
| 200 | 1 | @a中国新闻学基础理论研究@9zhong guo xin wen xue ji chu li lun yan jiu@f杨保军著 |
| 210 | @a北京@c中国人民大学出版社@d2025.04 | |
| 215 | @a301页@d24cm | |
| 225 | 1 | @a中国自主知识体系研究文库 |
| 330 | @a本书由两大部分构成。第一编“总论”从四个方面阐述新闻是什么。第二编从新闻活动、新闻主体、新闻本体、新闻事实、新闻精神、新闻道德、新闻观念、新闻真实、新闻价值、新闻规律等十个方面,建构起新闻基础理论的整体框架, | |
| 461 | 0 | @12001 @a中国自主知识体系研究文库 |
| 606 | 0 | @a新闻学@x研究@y中国 |
| 690 | @aG210@v5 | |
| 701 | 0 | @a杨保军@9yang bao jun@f(1962.10-)@4著 |
| 801 | 0 | @aCN@c20250911 |
| 905 | @a河南城建学院图书馆@dG210@eY142-2@ZY142-2@f1 | |
| 中国新闻学基础理论研究/杨保军著.-北京:中国人民大学出版社,2025.04 |
| 301页;24cm.-(中国自主知识体系研究文库) |
| ISBN 978-7-300-33857-6(精装):CNY118.00 |
| 本书由两大部分构成。第一编“总论”从四个方面阐述新闻是什么。第二编从新闻活动、新闻主体、新闻本体、新闻事实、新闻精神、新闻道德、新闻观念、新闻真实、新闻价值、新闻规律等十个方面,建构起新闻基础理论的整体框架, |
| ● |
| 相关链接 |
|
|
|
正题名:中国新闻学基础理论研究
索取号:G210/Y142-2
 
预约/预借
| 序号 | 登录号 | 条形码 | 馆藏地/架位号 | 状态 | 备注 |
| 1 | 1636208 | 216362086 | 社科库409/409社科库 57排4列3层/ [索取号:G210/Y142-2] | 在馆 |